[Event "Nordic-ch"]
[Site "Aarhus"]
[Date "2003.09.15"]
[Round "9"]
[White "Lehtinen, Heikki"]
[Black "Stefansson, Hannes"]
[Result "0-1"]
[WhiteElo "2362"]
[BlackElo "2560"]
[PlyCount "96"]
[EventDate "2003.09.06"]
[EventType "tourn"]
[EventRounds "11"]
[EventCountry "DEN"]
[EventCategory "10"]
[SourceTitle "CBM 098"]
[Source "ChessBase"]
[SourceDate "2004.02.03"]

1. c4 Nf6 2. g3 c6 3. Bg2 d5 4. Nf3 dxc4 5. a4 Qd5 6. Nc3 Qa5 7. b3 cxb3 8.
Qxb3 e5 9. Ba3 Bxa3 10. Qxa3 e4 11. Nd4 Qe5 12. Nc2 Nbd7 13. O-O c5 14. d3 exd3
15. exd3 O-O 16. Rab1 Qh5 17. d4 cxd4 18. Nxd4 Ne5 19. Nce2 Qh6 20. Qc5 Re8 21.
Qc1 Rb8 22. Qxh6 gxh6 23. Nf4 b6 24. Rfc1 Rd8 25. Nc6 Nxc6 26. Rxc6 Kg7 27. Rc7
Rd7 28. Rbc1 Rxc7 29. Rxc7 a6 30. Bf1 Bd7 31. Bxa6 Bxa4 32. Bc4 Be8 33. Nd3 Ne4
34. Ne5 Nd6 35. Bb3 Rc8 36. Ra7 b5 37. Ra6 Nc4 38. Nd3 Bc6 39. Nf4 Bf3 40. Ra7
Nd2 41. Rxf7+ Kh8 42. Nd3 Ra8 43. Rxf3 Nxf3+ 44. Kg2 Ra3 45. Kxf3 Rxb3 46. Ke4
Rc3 47. h4 Kg7 48. f4 h5 0-1

[Event "Nordic-ch"]
[Site "Aarhus"]
[Date "2003.09.07"]
[Round "2"]
[White "Lehtinen, Heikki"]
[Black "Hector, Jonny"]
[Result "0-1"]
[WhiteElo "2362"]
[BlackElo "2538"]
[PlyCount "138"]
[EventDate "2003.09.06"]
[EventType "tourn"]
[EventRounds "11"]
[EventCountry "DEN"]
[EventCategory "10"]
[SourceTitle "CBM 098"]
[Source "ChessBase"]
[SourceDate "2004.02.03"]

1. c4 Nf6 2. g3 e5 3. Bg2 Nc6 4. a3 d5 5. cxd5 Nxd5 6. Nc3 Be6 7. d3 g6 8. Nf3
h6 9. d4 Bg7 10. dxe5 Nxc3 11. Qxd8+ Rxd8 12. bxc3 Nxe5 13. Nxe5 Bxe5 14. Bd2
b6 15. Be4 Ke7 16. O-O-O Bc4 17. Bd3 Bb3 18. Bc2 Bd5 19. Rhe1 Bd6 20. Kb2 Bc5
21. f3 g5 22. Bc1 f6 23. Bb3 Bc6 24. Rd3 h5 25. Be3 Rxd3 26. exd3 Bxe3 27.
Rxe3+ Kd7 28. f4 gxf4 29. gxf4 h4 30. Kc2 Rh7 31. Kd2 Rg7 32. Be6+ Kd6 33. Bh3
Bd5 34. Re8 Rg1 35. Re1 Rg8 36. Re3 b5 37. Bf5 a5 38. d4 Bc4 39. Bh3 c5 40.
dxc5+ Kxc5 41. Re7 Rd8+ 42. Rd7 Re8 43. Bg4 Re4 44. Bf3 Rxf4 45. Ke3 Rf5 46.
Rc7+ Kd6 47. Rh7 Re5+ 48. Kd2 Bd5 49. Bxd5 Rxd5+ 50. Kc2 Ke5 51. Rxh4 f5 52. a4
f4 53. axb5 f3 54. Rh8 Ke4 55. b6 Rb5 56. Re8+ Kf4 57. Rf8+ Ke3 58. Re8+ Kf2
59. Re6 a4 60. c4 Rb4 61. Kc3 Rb3+ 62. Kc2 Kg2 63. h4 f2 64. Rg6+ Kh3 65. Rf6
Kg3 66. c5 Rb5 67. Kd3 a3 68. Rg6+ Kh3 69. Ke2 a2 0-1

[Event "Nordic-ch"]
[Site "Aarhus"]
[Date "2003.09.13"]
[Round "7"]
[White "Lie, Kjetil A"]
[Black "Naes, Flovin Tor"]
[Result "1-0"]
[WhiteElo "2440"]
[BlackElo "2330"]
[PlyCount "73"]
[EventDate "2003.09.06"]
[EventType "tourn"]
[EventRounds "11"]
[EventCountry "DEN"]
[EventCategory "10"]
[SourceTitle "CBM 098"]
[Source "ChessBase"]
[SourceDate "2004.02.03"]

1. c4 e6 2. g3 d5 3. Bg2 Nf6 4. Nf3 c5 5. O-O Nc6 6. cxd5 exd5 7. d4 Be7 8.
dxc5 Bxc5 9. Bg5 O-O 10. Qc2 Be7 11. Nc3 Qa5 12. Rfd1 d4 13. Bxf6 Bxf6 14. Ne4
Qf5 15. Nxf6+ Qxf6 16. Qa4 Rd8 17. Rd2 Bg4 18. Rad1 Rd7 19. Nxd4 Rad8 20. Nxc6
Rxd2 21. Nxd8 Rxe2 22. Rf1 h5 23. Nxb7 Rxb2 24. Qxa7 h4 25. Nc5 h3 26. Qa8+ Kh7
27. Qe4+ Bf5 28. Qxf5+ Qxf5 29. Be4 Kg6 30. Bxf5+ Kxf5 31. Nd3 Rxa2 32. Nf4 g5
33. Nxh3 Kg4 34. Kg2 f5 35. Rb1 f4 36. Rb4 Ra3 37. gxf4 1-0

[Event "Nordic-ch"]
[Site "Aarhus"]
[Date "2003.09.16"]
[Round "10"]
[White "Lie, Kjetil A"]
[Black "Kallio, Heikki"]
[Result "1/2-1/2"]
[WhiteElo "2440"]
[BlackElo "2471"]
[PlyCount "169"]
[EventDate "2003.09.06"]
[EventType "tourn"]
[EventRounds "11"]
[EventCountry "DEN"]
[EventCategory "10"]
[SourceTitle "CBM 098"]
[Source "ChessBase"]
[SourceDate "2004.02.03"]

1. c4 Nf6 2. g3 g6 3. Bg2 Bg7 4. Nc3 O-O 5. e4 c6 6. Nge2 d6 7. O-O a6 8. d3 b5
9. h3 Nbd7 10. Be3 Nb6 11. Nd4 Bb7 12. e5 dxe5 13. Nxc6 Bxc6 14. Bxc6 Rb8 15.
cxb5 axb5 16. Bxb5 Nbd5 17. Nxd5 Nxd5 18. a4 Nxe3 19. fxe3 f5 20. Kg2 Kh8 21.
Qe2 Rb6 22. Rac1 Rbf6 23. Rc4 Qa8+ 24. Kh2 Bh6 25. Rf3 Qa7 26. Kg2 Qb7 27. e4
Bg7 28. exf5 gxf5 29. Qxe5 Rd6 30. Qe2 e5 31. Qc2 Rfd8 32. Bc6 Qb6 33. Rxf5
Rxd3 34. Rf2 Qe3 35. Bf3 Rd2 36. Qxd2 Rxd2 37. Rc8+ Bf8 38. Rxf8+ Kg7 39. Bc6
Rxf2+ 40. Rxf2 e4 41. Bb5 Qd4 42. Re2 Qd5 43. Kh2 Kf6 44. b3 Ke5 45. Bc4 Qd8
46. h4 h6 47. Kg2 Qa8 48. Kh3 Kd4 49. Rd2+ Ke3 50. Rd5 Qc8+ 51. g4 Qf8 52. Rf5
Qd6 53. a5 h5 54. gxh5 Qd7 55. Kg4 Qg7+ 56. Rg5 Qd7+ 57. Rf5 Qg7+ 58. Rg5 Qd7+
59. Rf5 Kd4 60. h6 e3 61. Kg5 e2 62. Bxe2 Qe7+ 63. Kg6 Qxe2 64. h7 Qg4+ 65. Rg5
Qxh4 66. Rh5 Qg4+ 67. Rg5 Qe6+ 68. Kg7 Qe7+ 69. Kg6 Qe8+ 70. Kg7 Qd7+ 71. Kg6
Qc6+ 72. Kg7 Qb7+ 73. Kg6 Qc6+ 74. Kg7 Qd7+ 75. Kg6 Qe6+ 76. Kg7 Qe7+ 77. Kg6
Qd8 78. Rf5 Ke4 79. Rf7 Qd6+ 80. Kg7 Qe5+ 81. Rf6 Qe7+ 82. Kg6 Qe8+ 83. Kg7
Qe7+ 84. Kg6 Qe8+ 85. Kg7 1/2-1/2

[Event "Nordic-ch"]
[Site "Aarhus"]
[Date "2003.09.14"]
[Round "8"]
[White "Lie, Kjetil A"]
[Black "Hector, Jonny"]
[Result "1/2-1/2"]
[WhiteElo "2440"]
[BlackElo "2538"]
[PlyCount "91"]
[EventDate "2003.09.06"]
[EventType "tourn"]
[EventRounds "11"]
[EventCountry "DEN"]
[EventCategory "10"]
[SourceTitle "CBM 098"]
[Source "ChessBase"]
[SourceDate "2004.02.03"]

1. c4 Nf6 2. g3 e5 3. Bg2 d5 4. cxd5 Nxd5 5. Nf3 Nc6 6. O-O Nb6 7. d3 Be7 8.
Nc3 O-O 9. Be3 Be6 10. a3 f6 11. Rc1 Qd7 12. d4 exd4 13. Nxd4 Nxd4 14. Qxd4
Qxd4 15. Bxd4 c6 16. Ne4 Rfe8 17. e3 Nc4 18. Rc2 Kf7 19. Nc5 Bxc5 20. Bxc5 Red8
21. Bd4 Na5 22. b4 Nb3 23. Bc3 Rd7 24. Rb1 Rad8 25. f4 Nd2 26. Bxd2 Rxd2 27.
Rxd2 Rxd2 28. b5 cxb5 29. Bxb7 Bd7 30. Ba6 Bc6 31. Bxb5 Bf3 32. Bf1 g5 33. fxg5
fxg5 34. Rb5 g4 35. Ra5 Rd1 36. Rxa7+ Ke6 37. Kf2 Rd2+ 38. Kg1 Rd1 39. Ra4 Ra1
40. Kf2 Ra2+ 41. Kg1 Ra1 42. Rf4 Rxa3 43. h3 h5 44. Bc4+ Ke5 45. Kf2 Rc3 46.
hxg4 1/2-1/2

[Event "Nordic-ch"]
[Site "Aarhus"]
[Date "2003.09.10"]
[Round "5"]
[White "Lie, Kjetil A"]
[Black "Olafsson, Helgi"]
[Result "1/2-1/2"]
[WhiteElo "2440"]
[BlackElo "2498"]
[PlyCount "113"]
[EventDate "2003.09.06"]
[EventType "tourn"]
[EventRounds "11"]
[EventCountry "DEN"]
[EventCategory "10"]
[SourceTitle "CBM 098"]
[Source "ChessBase"]
[SourceDate "2004.02.03"]

1. c4 Nf6 2. g3 c6 3. Bg2 d5 4. Nf3 dxc4 5. Qc2 Qd5 6. Nc3 Qh5 7. b3 cxb3 8.
Qxb3 e5 9. Ba3 Bxa3 10. Qxa3 e4 11. Nd4 Qe5 12. Nb3 Na6 13. O-O Bf5 14. f3
O-O-O 15. fxe4 Be6 16. Rab1 h5 17. Rfc1 Bxb3 18. Qxb3 Nc5 19. Qa3 Kb8 20. Nb5
cxb5 21. Rxc5 Qd4+ 22. e3 Qd3 23. Qxd3 Rxd3 24. Rcxb5 b6 25. Rf5 Rxd2 26. e5
Nd7 27. Rxf7 Nc5 28. a4 Rhd8 29. Bc6 Rc8 30. e6 Rxc6 31. e7 Re6 32. a5 Rxe3 33.
axb6 axb6 34. Rf8+ Kc7 35. e8=Q Rxe8 36. Rxe8 g6 37. Rf1 Rd6 38. Rg8 Kc6 39.
Rf7 Nd3 40. Rgf8 Ne5 41. Rf6 b5 42. Rc8+ Kd5 43. Rxd6+ Kxd6 44. Kf2 Kd5 45. h3
Kd4 46. Rd8+ Kc4 47. Ke3 b4 48. Kf4 Nd3+ 49. Kg5 b3 50. Rc8+ Kd4 51. Kxg6 Nf2
52. h4 Ne4 53. Kxh5 Nxg3+ 54. Kg4 Ne4 55. Kf3 Nf6 56. Rb8 Kc3 57. Rxb3+ 1/2-1/2

[Event "Nordic-ch"]
[Site "Aarhus"]
[Date "2003.09.14"]
[Round "8"]
[White "Naes, Flovin Tor"]
[Black "Gausel, Einar"]
[Result "0-1"]
[WhiteElo "2330"]
[BlackElo "2533"]
[PlyCount "128"]
[EventDate "2003.09.06"]
[EventType "tourn"]
[EventRounds "11"]
[EventCountry "DEN"]
[EventCategory "10"]
[SourceTitle "CBM 098"]
[Source "ChessBase"]
[SourceDate "2004.02.03"]

1. d4 d5 2. c4 dxc4 3. Nf3 Nf6 4. e3 Bg4 5. Bxc4 e6 6. Qb3 Bxf3 7. gxf3 Nbd7 8.
Rg1 Nb6 9. Be2 Qd5 10. Qxd5 exd5 11. Bd2 c6 12. a4 a6 13. Bc3 g6 14. Nd2 Bd6
15. h3 Nc8 16. b4 Ne7 17. Nb3 O-O 18. Nc5 Rab8 19. Kd2 Nf5 20. Ra2 Rfe8 21. Rb1
Re7 22. b5 axb5 23. axb5 Bxc5 24. dxc5 d4 25. Bxd4 Nxd4 26. exd4 Rd8 27. Ra4
Nd5 28. Bf1 Red7 29. Bd3 Ne7 30. Kc3 Kg7 31. bxc6 bxc6 32. Be4 f5 33. Bc2 Nd5+
34. Kc4 Nf4 35. Rd1 Ne2 36. Ra6 Nxd4 37. Ba4 Kf8 38. Ra1 Nxf3 39. Bxc6 Ne5+ 40.
Kb5 Rd2 41. Kb6 Nxc6 42. Kxc6 Rc8+ 43. Kb5 Rb2+ 44. Kc4 Rc2+ 45. Kd4 R8xc5 46.
Ra7 Rc7 47. Ke5 Kg7 48. Rxc7+ Rxc7 49. Kf4 Kh6 50. Ra3 Kh5 51. Kg3 g5 52. Rb3
f4+ 53. Kg2 Kh4 54. Ra3 Rc2 55. Rb3 h5 56. Rf3 Rb2 57. Kh2 Rb4 58. Ra3 g4 59.
hxg4 hxg4 60. Ra1 Rb2 61. Kg1 Kh3 62. Rc1 f3 63. Ra1 g3 64. Rf1 Ra2 0-1

[Event "Nordic-ch"]
[Site "Aarhus"]
[Date "2003.09.09"]
[Round "4"]
[White "Naes, Flovin Tor"]
[Black "Palo, Davor"]
[Result "0-1"]
[WhiteElo "2330"]
[BlackElo "2510"]
[PlyCount "118"]
[EventDate "2003.09.06"]
[EventType "tourn"]
[EventRounds "11"]
[EventCountry "DEN"]
[EventCategory "10"]
[SourceTitle "CBM 098"]
[Source "ChessBase"]
[SourceDate "2004.02.03"]

1. c4 e6 2. Nc3 d5 3. d4 Nf6 4. Nf3 c6 5. cxd5 exd5 6. Bg5 Bf5 7. e3 Nbd7 8.
Bd3 Bxd3 9. Qxd3 Be7 10. O-O O-O 11. Bxf6 Nxf6 12. Ne5 Bd6 13. f4 Bb4 14. Ne2
Ne4 15. a3 Bd6 16. Nc3 Nxc3 17. Qxc3 f6 18. Nd3 Re8 19. Rfe1 Qb6 20. b4 a5 21.
Kf2 Qb5 22. Rec1 Ra7 23. a4 Qa6 24. b5 cxb5 25. Qb3 bxa4 26. Qxd5+ Kh8 27. Nc5
Bxc5 28. Rxc5 b6 29. Rc6 Qd3 30. Re6 Raa8 31. Kf3 Qb3 32. Qxb3 axb3 33. Rxe8+
Rxe8 34. Ra3 Rb8 35. Rxb3 b5 36. Ke2 b4 37. Kd3 a4 38. Rb1 Kg8 39. Kc4 b3 40.
Kc3 f5 41. Kb2 Rc8 42. Ka3 Rc4 43. Rd1 Kf7 44. d5 Ke7 45. d6+ Kd7 46. g3 h6 47.
Rd5 Rc1 48. Rxf5 Kxd6 49. Rb5 Ra1+ 50. Kb2 Ra2+ 51. Kc3 Kc6 52. Rb4 Kc5 53.
Rc4+ Kb5 54. Rb4+ Ka5 55. Rb7 Rc2+ 56. Kd3 Rxh2 57. e4 b2 58. e5 a3 59. e6 a2
0-1

[Event "Nordic-ch"]
[Site "Aarhus"]
[Date "2003.09.07"]
[Round "2"]
[White "Naes, Flovin Tor"]
[Black "Kallio, Heikki"]
[Result "0-1"]
[WhiteElo "2330"]
[BlackElo "2471"]
[PlyCount "78"]
[EventDate "2003.09.06"]
[EventType "tourn"]
[EventRounds "11"]
[EventCountry "DEN"]
[EventCategory "10"]
[SourceTitle "CBM 098"]
[Source "ChessBase"]
[SourceDate "2004.02.03"]

1. e4 c5 2. Nc3 Nc6 3. g3 g6 4. Bg2 Bg7 5. d3 Rb8 6. Be3 b5 7. Qd2 b4 8. Nd1 d6
9. f4 Qb6 10. Ne2 h5 11. h3 f5 12. Nc1 a5 13. a4 Nd4 14. c3 bxc3 15. bxc3 Nc6
16. Ra2 Bd7 17. O-O Qc7 18. Re1 Nh6 19. e5 dxe5 20. fxe5 e6 21. Bxc5 Nxe5 22.
d4 Nc4 23. Qf2 Kf7 24. Nd3 Rhe8 25. Nf4 Nb6 26. Rae2 Nxa4 27. Nd5 Qd8 28. Bd6
Rc8 29. Qf4 g5 30. Qf3 Kg6 31. Ne7+ Rxe7 32. Bxe7 Qxe7 33. Qb7 Qd6 34. Qb3 Kh7
35. Rxe6 Bxe6 36. Rxe6 Qd7 37. Bb7 Rb8 38. Bc6 Rxb3 39. Bxd7 Nxc3 0-1

[Event "Nordic-ch"]
[Site "Aarhus"]
[Date "2003.09.12"]
[Round "6"]
[White "Naes, Flovin Tor"]
[Black "Lehtinen, Heikki"]
[Result "0-1"]
[WhiteElo "2330"]
[BlackElo "2362"]
[PlyCount "44"]
[EventDate "2003.09.06"]
[EventType "tourn"]
[EventRounds "11"]
[EventCountry "DEN"]
[EventCategory "10"]
[SourceTitle "CBM 098"]
[Source "ChessBase"]
[SourceDate "2004.02.03"]

1. d4 d6 2. e4 Nf6 3. Nc3 g6 4. Bg5 c6 5. Qd2 b5 6. Bd3 Bg7 7. f4 O-O 8. Nf3
Bg4 9. Bxf6 Bxf6 10. e5 Bg7 11. O-O Qb6 12. Qe3 Nd7 13. Rae1 Bh6 14. h3 Bxf3
15. Rxf3 dxe5 16. dxe5 Nxe5 17. Rf2 Qxe3 18. Rxe3 Nxd3 19. cxd3 Bg7 20. Ne2
Rfd8 21. Rxe7 Rxd3 22. f5 Bf8 0-1

[Event "Nordic-ch"]
[Site "Aarhus"]
[Date "2003.09.06"]
[Round "1"]
[White "Olafsson, Helgi"]
[Black "Hansen, Curt"]
[Result "1-0"]
[WhiteElo "2498"]
[BlackElo "2618"]
[Annotator "Hecht"]
[PlyCount "123"]
[EventDate "2003.09.06"]
[EventType "tourn"]
[EventRounds "11"]
[EventCountry "DEN"]
[EventCategory "10"]
[SourceTitle "CBM 098"]
[Source "ChessBase"]
[SourceDate "2004.02.03"]

1. d4 d6 2. Nf3 g6 3. c4 Bg7 4. Nc3 Nf6 5. e4 O-O 6. Be2 Na6 7. Bg5 h6 8. Bf4
e5 9. dxe5 Nh5 10. g3 Nxf4 11. gxf4 Nc5 12. Rg1 dxe5 13. Qxd8 Rxd8 14. Nxe5 g5
15. Ng4 gxf4 16. Nd5 Nxe4 17. Rd1 Kf8 18. Nxc7 Rxd1+ 19. Kxd1 Rb8 20. f3 Nc5
21. b4 Na4 22. Kc2 Bf5+ 23. Bd3 Bxd3+ 24. Kxd3 Rd8+ 25. Kc2 Nc3 26. Re1 Nxa2
27. Kb3 Nc3 28. Nxh6 b5 29. Nf5 bxc4+ 30. Kxc4 Rc8 31. Re8+ Rxe8 32. Nxe8 Bh8
33. Ned6 Ne2 34. Kd3 Ng1 35. Ke4 Nh3 36. b5 Bb2 37. Nc4 Bc3 38. Nfd6 Bb4 39.
Kf5 Bc5 40. Kg4 Nf2+ 41. Kxf4 Nd1 42. Ne4 Bg1 43. h4 Kg7 44. Kg5 Ne3 45. Nxe3
Bxe3+ 46. f4 Bb6 47. h5 Bd8+ 48. Kf5 Bc7 49. Nc3 Kh6 50. Nd5 Bd8 51. Kg4 Kg7
52. f5 {[%cal Gd5b6,Gd5c7,Gd5e7,Gd5f6,Gg4g5,Gg4h4] Springerdominanz bei Raum-
und Materialvorteil} f6 $8 {Anderenfalls muss Schwarz f5-f6 zulassen mit Bf7
als signifikante Schwäche.} ({Die tristen Verlustbilder haben dieses Aussehen
} 52... Ba5 53. f6+ Kh6 54. Ne7 {[%csl Ra7,Rf7][%cal Ge7f5,Gf5d6,Ge7c8,Gc8d6]}
Bc3 (54... Bd8 55. Kf5 Kxh5 56. Nc8 Bb6 57. Nd6 $18) (54... Bb6 55. Nc6 {
[%cal Rc6e5]} Kh7 56. Kf5 Bc5 (56... Be3 57. Ke5 Kg8 58. Kd6 Kf8 59. Kc7 Bg5
60. Nxa7 Bxf6 61. b6 Be5+ 62. Kd7 Bd4 63. Nc8 Bxb6 64. Nxb6 Kg7 65. Nd5 Kh6 66.
Nf4 $18) 57. Ne5 Kg8 58. h6 $18 {[%cal Rh6h7]}) 55. Kf5 {[%cal Re7c6]} Bd4 56.
Nc6 Bb6 57. Ne5 $18) 53. Kh4 Ba5 54. Ne7 Bb6 55. Kg4 Kh6 56. Nd5 Bd4 57. Nf4
Be3 58. Ne2 Bb6 59. Ng3 Bf2 60. Ne4 Bd4 61. Kh4 {Möchte den Springer nach g4
bringen - es liegt jedoch kein Zugzwang vor, weil Schwarz Kh7 oder Kg7 spielen
kann.} Be5 $4 62. Nf2 (62. Nf2 Bd4 63. Ng4+ Kg7 64. Kg3 {[%csl Rf6][%cal Rh5h6,
Gg3f3,Gf3e4,Ge4d5,Gd5e6] also} Kh7 65. Kf3 Kg7 66. Ke4 Bc3 67. Kd5 Kh7 68. Ke6
Kg7 69. h6+ Kh7 70. Nxf6+ Kxh6 71. Nd7 Bb4 72. f6 Kh7 73. f7 Kg7 74. f8=Q+ Bxf8
75. Nxf8 Kxf8 76. Kd7 Kf7 77. Kc7 Ke7 78. Kb7 $18) 1-0

[Event "Nordic-ch"]
[Site "Aarhus"]
[Date "2003.09.14"]
[Round "8"]
[White "Olafsson, Helgi"]
[Black "Kallio, Heikki"]
[Result "1/2-1/2"]
[WhiteElo "2498"]
[BlackElo "2471"]
[PlyCount "85"]
[EventDate "2003.09.06"]
[EventType "tourn"]
[EventRounds "11"]
[EventCountry "DEN"]
[EventCategory "10"]
[SourceTitle "CBM 098"]
[Source "ChessBase"]
[SourceDate "2004.02.03"]

1. Nf3 Nf6 2. c4 e6 3. Nc3 Bb4 4. Qc2 c5 5. b3 d6 6. e3 e5 7. Be2 Nc6 8. O-O
Bg4 9. Nd5 Nxd5 10. cxd5 Ne7 11. a3 Ba5 12. b4 cxb4 13. axb4 Bb6 14. h3 Rc8 15.
Qb3 Bxf3 16. Bxf3 O-O 17. Bb2 Ng6 18. g3 Qg5 19. Kh2 f5 20. Bg2 f4 21. Be4 Rf7
22. Qd3 Rcf8 23. Rg1 fxg3+ 24. fxg3 Rf2+ 25. Rg2 Rxg2+ 26. Bxg2 h5 27. Rf1 h4
28. g4 Rxf1 29. Qxf1 Nf8 30. Qc4 Qf6 31. Kg1 Qf7 32. Bc3 a6 33. Bb2 g6 34. Bc3
Nh7 35. Qc8+ Nf8 36. Be4 Kg7 37. Kg2 Nh7 38. Qe6 Bc7 39. d4 Ng5 40. Qxf7+ Nxf7
41. dxe5 Nxe5 42. g5 Bd8 43. Bxe5+ 1/2-1/2

[Event "Nordic-ch"]
[Site "Aarhus"]
[Date "2003.09.15"]
[Round "9"]
[White "Palo, Davor"]
[Black "Olafsson, Helgi"]
[Result "1-0"]
[WhiteElo "2510"]
[BlackElo "2498"]
[Annotator "Atlas,V"]
[PlyCount "77"]
[EventDate "2003.09.06"]
[EventType "tourn"]
[EventRounds "11"]
[EventCountry "DEN"]
[EventCategory "10"]
[SourceTitle "CBM 098"]
[Source "ChessBase"]
[SourceDate "2004.02.03"]

1. d4 Nf6 2. c4 g6 3. Nc3 Bg7 4. e4 d6 5. Nf3 O-O 6. Be2 e5 7. O-O Na6 8. Be3
Ng4 9. Bg5 Qe8 10. dxe5 h6 11. Bd2 dxe5 12. a3 c6 13. b4 Qe7 14. c5 Nc7 15. h3
Nf6 16. Be3 Nh5 17. Qc2 Ne6 18. Rfd1 Nhf4 19. Rd6 Ng5 20. Rad1 Be6 21. Kh2 Nxe2
22. Qxe2 Nxf3+ 23. Qxf3 f5 24. exf5 gxf5 25. Kh1 Kh7 26. b5 Rac8 27. bxc6 bxc6
28. Qh5 ({Of course not Natürlich nicht} 28. Rxc6 $2 e4) 28... Qe8 29. Qe2 Rb8
$2 ({A dubious decision. Correct was Eine zweifelhafte Entscheidung. Korrekt
war} 29... Rg8 {, intending to play 29...Bf8, with counterchances. mit der
Absicht 29...Bf8, mit Gegenchancen.}) 30. Qa6 $1 Rb3 31. Rxc6 Bc8 $2 ({A
decisive mistake. Essential was Ein entscheidender Fehlgriff. Erforderlich war
} 31... Rxa3 {, although after , obwohl Weiß nach} 32. Qxa3 Qxc6 33. Rd6 Qc8
34. Nb5 {White retains good winning chances. gute Gewinnchancen behält.}) {
[%tqu "How should White develop his attack?","Exploit the weak position of the
black king and the power of your battery on the sixth rank.","Use your c6-rook
for the decisive strike!",Rxh6+,"This powerful strike spells a quick end for
Black.",5]} 32. Rxh6+ $1 {[%csl Ga6,Ge3,Rg7,Gh6,Rh7] This efficient rook move
decides the game for White. Dieser wuchtige Einschlag entscheidet die Partie
für Weiß.} Kg8 (32... Bxh6 {fails to scheitert an} 33. Qxh6+ Kg8 34. Rd6 $1 {
, winning. und gewinnt.}) 33. Qc4+ Qf7 34. Nd5 Rb7 35. c6 Rc7 36. Rd6 {Black's
position is absolutely hopeless. Die schwarze Stellung ist absolut
hoffnungslos.} f4 37. Bd2 f3 38. g4 Be6 39. Ba5 (39. Ba5 {, and Black resigned
in view of further material losses: und Schwarz gab auf, denn ihm stehen
weitere Materialverluste ins Haus.} Rcc8 40. Rxe6 Qxe6 41. Ne7+ Kf7 42. Nxc8
Qxc4 43. Nd6+) 1-0

[Event "Nordic-ch"]
[Site "Aarhus"]
[Date "2003.09.07"]
[Round "2"]
[White "Palo, Davor"]
[Black "Agrest, Evgenij"]
[Result "1-0"]
[WhiteElo "2510"]
[BlackElo "2605"]
[PlyCount "115"]
[EventDate "2003.09.06"]
[EventType "tourn"]
[EventRounds "11"]
[EventCountry "DEN"]
[EventCategory "10"]
[SourceTitle "CBM 098"]
[Source "ChessBase"]
[SourceDate "2004.02.03"]

1. d4 Nf6 2. c4 e6 3. Nf3 b6 4. g3 Ba6 5. b3 b5 6. cxb5 Bxb5 7. Bg2 d5 8. Nc3
Ba6 9. b4 Bd6 10. O-O O-O 11. Rb1 Nbd7 12. Bg5 Rb8 13. Qa4 Qc8 14. Rfc1 Nb6 15.
Qd1 Ne4 16. Nxe4 dxe4 17. Nd2 f5 18. b5 Bb7 19. a4 Qe8 20. Nc4 Nxc4 21. Rxc4
Qg6 22. Bf4 Bd5 23. Bxd6 cxd6 24. Rc7 f4 25. e3 f3 26. Bf1 Rf7 27. Rbc1 h5 28.
Qc2 Bb7 29. Qb3 Qf6 30. a5 Bd5 31. Qb4 Qd8 32. b6 axb6 33. axb6 Rxc7 34. Rxc7
Kh7 35. h4 Kg6 36. Qb5 Kh6 37. Bc4 Bxc4 38. Qxc4 Rxb6 39. Qxe6+ Qf6 40. Qxe4
Qg6 41. Qxf3 Rb1+ 42. Kh2 Kh7 43. Re7 Rb5 44. d5 Qg4 45. Qxg4 hxg4 46. Re4 Rxd5
47. Rxg4 Re5 48. Rd4 Re6 49. g4 Kg8 50. Kg3 Kf7 51. e4 Ke7 52. f4 Rh6 53. Ra4
Re6 54. f5 Re5 55. Kf4 Rb5 56. Ra7+ Kf8 57. Rd7 Rb6 58. h5 1-0

[Event "Nordic-ch"]
[Site "Aarhus"]
[Date "2003.09.10"]
[Round "5"]
[White "Palo, Davor"]
[Black "Lehtinen, Heikki"]
[Result "1/2-1/2"]
[WhiteElo "2510"]
[BlackElo "2362"]
[PlyCount "122"]
[EventDate "2003.09.06"]
[EventType "tourn"]
[EventRounds "11"]
[EventCountry "DEN"]
[EventCategory "10"]
[SourceTitle "CBM 098"]
[Source "ChessBase"]
[SourceDate "2004.02.03"]

1. d4 d6 2. Nf3 g6 3. c4 Bg7 4. e4 e5 5. Nc3 exd4 6. Nxd4 Nc6 7. Be3 Nge7 8. h4
h6 9. Qd2 f5 10. Nxc6 Nxc6 11. O-O-O Be6 12. exf5 gxf5 13. Be2 Qd7 14. c5 O-O-O
15. cxd6 Nb4 16. a3 Bxc3 17. bxc3 Nd5 18. c4 Qc6 19. Kb1 Nxe3 20. Qxe3 Rxd6 21.
Qxa7 Qe4+ 22. Kc1 Ra6 23. Qd4 Qxd4 24. Rxd4 Rxa3 25. Kb2 Ra5 26. Bd3 Rd8 27.
Rxd8+ Kxd8 28. Rh3 Ke7 29. Rf3 Re5 30. Kc3 c5 31. Rg3 Kf6 32. Kd2 Bf7 33. Rf3
Ke6 34. Rg3 Kf6 35. Rf3 Ke6 36. Rh3 Kf6 37. Rh1 Re6 38. Rb1 b6 39. Ra1 Rd6 40.
Kc3 Be6 41. Ra8 Bf7 42. Rh8 Kg7 43. Rb8 Kf6 44. Rb7 Be6 45. Rh7 Kg6 46. Re7 Kf6
47. Rb7 Bg8 48. Rb8 Be6 49. g3 Bf7 50. Bf1 Be6 51. Be2 Bf7 52. Bd3 Be6 53. g4
fxg4 54. Rh8 Ke5 55. Rxh6 Rd8 56. Rh5+ Kf4 57. Rh6 Ke5 58. Rh5+ Kf4 59. Rh6 Ke5
60. Rh5+ Kf4 61. Rh6 Ke5 1/2-1/2

[Event "Nordic-ch"]
[Site "Aarhus"]
[Date "2003.09.17"]
[Round "11"]
[White "Palo, Davor"]
[Black "Lie, Kjetil A"]
[Result "0-1"]
[WhiteElo "2510"]
[BlackElo "2440"]
[PlyCount "164"]
[EventDate "2003.09.06"]
[EventType "tourn"]
[EventRounds "11"]
[EventCountry "DEN"]
[EventCategory "10"]
[SourceTitle "CBM 098"]
[Source "ChessBase"]
[SourceDate "2004.02.03"]

1. d4 Nf6 2. c4 c5 3. d5 e6 4. Nc3 exd5 5. cxd5 d6 6. e4 g6 7. Bf4 a6 8. Nf3 b5
9. Qe2 Be7 10. Qc2 O-O 11. Bd3 Bg4 12. Nd2 c4 13. Be2 b4 14. Na4 Bxe2 15. Kxe2
Re8 16. Rhe1 Nbd7 17. Kf1 c3 18. bxc3 bxc3 19. Qxc3 Nh5 20. Be3 Rc8 21. Qb3 Rb8
22. Qc3 Rc8 23. Qb3 Rb8 24. Qc4 Ne5 25. Qxa6 Ra8 26. Qb5 Ra5 27. Qb3 Qa8 28.
Nc3 Ra3 29. Qc2 Qa6+ 30. Kg1 Rc8 31. Bd4 Bf6 32. Nb3 Nd3 33. Bxf6 Nxe1 34. Rxe1
Nxf6 35. Qd2 Ng4 36. h4 Ne5 37. Rd1 h5 38. f3 Qb6+ 39. Kh1 Qb4 40. Ne2 Qxd2 41.
Rxd2 Rca8 42. Nc3 Rb8 43. Ne2 Nc4 44. Rc2 Ne3 45. Rd2 Rba8 46. Nec1 Rc8 47. Ne2
Kf8 48. Ned4 Rca8 49. Re2 Nc4 50. Rc2 Ne3 51. Re2 Nc4 52. Rc2 R3a4 53. Nb5 Ke7
54. Nc3 Na3 55. Rd2 Rc4 56. Ne2 Rc2 57. Ned4 Rxd2 58. Nxd2 Nc2 59. Nc6+ Kd7 60.
Nc4 Rxa2 61. e5 dxe5 62. N6xe5+ Ke7 63. Nc6+ Kf6 64. d6 Ra1+ 65. Kh2 Rd1 66.
N6e5 Ke6 67. d7 Rd4 68. Kg3 Ne3 69. Nxe3 Kxe5 70. f4+ Ke6 71. Kf3 Rxd7 72. g4
hxg4+ 73. Kxg4 Rd3 74. Kf3 Ra3 75. Kf2 Kf6 76. Kf3 Kg7 77. Ke4 f5+ 78. Kf3 Kh6
79. Kf2 Rxe3 80. Kxe3 Kh5 81. Kd4 Kxh4 82. Ke5 Kg4 0-1

[Event "Nordic-ch"]
[Site "Aarhus"]
[Date "2003.09.16"]
[Round "10"]
[White "Schandorff, Lars"]
[Black "Palo, Davor"]
[Result "1/2-1/2"]
[WhiteElo "2525"]
[BlackElo "2510"]
[PlyCount "109"]
[EventDate "2003.09.06"]
[EventType "tourn"]
[EventRounds "11"]
[EventCountry "DEN"]
[EventCategory "10"]
[SourceTitle "CBM 098"]
[Source "ChessBase"]
[SourceDate "2004.02.03"]

1. d4 Nf6 2. c4 g6 3. Nf3 Bg7 4. g3 O-O 5. Bg2 c6 6. Nc3 d5 7. cxd5 cxd5 8. Ne5
e6 9. O-O Nbd7 10. f4 Nb6 11. b3 Bd7 12. Ba3 Re8 13. Qd2 Bf8 14. Bxf8 Rxf8 15.
Rac1 Qe7 16. Rc2 Rfc8 17. Rfc1 Be8 18. e3 Rc7 19. g4 Rac8 20. g5 Nfd7 21. Ne2
Rxc2 22. Rxc2 Rxc2 23. Qxc2 Qd6 24. Bf1 Kg7 25. Kf2 h6 26. h4 hxg5 27. hxg5 Kf8
28. Nf3 Qb8 29. Nc3 Nc8 30. Bd3 Qc7 31. Ke2 Nd6 32. Kd2 Qa5 33. Kc1 Qa3+ 34.
Kb1 Qb4 35. Kb2 Nb6 36. Ne5 Nbc4+ 37. Bxc4 Nxc4+ 38. Nxc4 dxc4 39. Qh2 cxb3 40.
axb3 Bc6 41. Qh8+ Ke7 42. Qe5 Qd6 43. Qf6+ Ke8 44. e4 b5 45. d5 b4 46. Ne2 Bb5
47. Nd4 Qc5 48. Qh8+ Ke7 49. Qf6+ Ke8 50. Qh8+ Ke7 51. Ka2 Qb6 52. Qf6+ Ke8 53.
Qh8+ Ke7 54. Qf6+ Ke8 55. Qh8+ 1/2-1/2